Power tools pack, adobe photoshop cs6 13.0 (Record no. 139790)
[ view plain ]
| 000 -LEADER | |
|---|---|
| fixed length control field | 00270nmm a2200097Ia 4500 |
| 008 - FIXED-LENGTH DATA ELEMENTS--GENERAL INFORMATION | |
| fixed length control field | 220120s9999||||xx |||||||||||||||||und|| |
| 020 ## - INTERNATIONAL STANDARD BOOK NUMBER | |
| International Standard Book Number | 978-81-312-0965-3 |
| 100 ## - MAIN ENTRY--PERSONAL NAME | |
| Personal name | Chip |
| 245 #0 - TITLE STATEMENT | |
| Title | Power tools pack, adobe photoshop cs6 13.0 |
| 260 ## - PUBLICATION, DISTRIBUTION, ETC. | |
| Place of publication, distribution, etc. | Infomedia18 |
| Name of publisher, distributor, etc. | Burlington |
| Date of publication, distribution, etc. | 2012 |
| Withdrawn status | Lost status | Damaged status | Not for loan | Home library | Current library | Date acquired | Barcode | Date last seen | Price effective from | Koha item type |
|---|---|---|---|---|---|---|---|---|---|---|
| Central Library | Central Library | 01/20/2022 | CD1341 | 01/20/2022 | 01/20/2022 | Compact Disc |